American civil procedure: an introduction
Uloženo v:
| Hlavní autoři: | , |
|---|---|
| Médium: | Kniha |
| Jazyk: | angličtina |
| Vydáno: |
New Haven
Yale University Press
1993
|
| Témata: | |
| Tagy: |
Přidat tag
Žádné tagy, Buďte první, kdo vytvoří štítek k tomuto záznamu!
|
MARC
| LEADER | 00000nam a2200000 a 4500 | ||
|---|---|---|---|
| 001 | UCI1624 | ||
| 003 | CL-VaPUC | ||
| 008 | 070706e19930000US |||||||||||||||||eng|d | ||
| 020 | |a 0300065043 | ||
| 082 | 0 | 4 | |a 347.73 |b HAZ |2 21 |
| 100 | |a Hazard, Geoffrey C |e author |9 522256 | ||
| 700 | 0 | |a Taruffo, Michele |e author |9 522257 | |
| 245 | 1 | 0 | |a American civil procedure: an introduction |
| 300 | |a 230 p | ||
| 942 | |c BK | ||
| 945 | |d 20070706 00:00:00 |a jtorresc | ||
| 260 | |a New Haven |b Yale University Press |c 1993 | ||
| 650 | 0 | |a Procedimiento civil |9 254870 | |
| 650 | 0 | |a Derecho internacional |9 255637 | |
| 651 | 0 | |a Estados Unidos |9 255178 | |
| 583 | |a last modification |c 20070706 00:00:00 |k Rodrigo Vera | ||
| 999 | |c 326406 |d 326404 | ||
| 952 | |0 0 |1 0 |4 0 |6 347_730000000000000_HAZ_1993 |7 0 |8 A |9 408276 |a BIBDER |b BIBDER |d 2019-11-22 |i 429310K |o 347.73 HAZ 1993 |p 429310K |r 2023-01-25 |w 2019-11-22 |y BK |k DER | ||